[Event "Championnat de France - Open A"]
[Site "Val d'Isere"]
[Date "2002.??.??"]
[Round "1.1"]
[White "Meynard, Thibault"]
[Black "Farnault, Eric"]
[Result "1-0"]
[WhiteElo "2193"]
[BlackElo "2048"]
[PlyCount "163"]
[EventDate "2002.08.??"]
[SourceDate "2002.08.21"]

1. d4 d5 2. c4 dxc4 3. Nf3 Nf6 4. e3 Bg4 5. Bxc4 e6 6. O-O Nbd7 7. Nbd2 Bd6 8.
Be2 O-O 9. b3 e5 10. Nc4 e4 11. Nfe5 Bxe2 12. Qxe2 Re8 13. Bb2 Nb6 14. a3 Qe7
15. Rfc1 Nfd7 16. Nxd6 cxd6 17. Nc4 Rac8 18. a4 Nxc4 19. bxc4 Rc7 20. Ba3 Rec8
21. Rc2 Qe6 22. Rac1 b6 23. Bb4 h6 24. h3 Kh7 25. a5 bxa5 26. Bxa5 Rb7 27. Qd2
f5 28. Bb4 Rcb8 29. d5 Qf7 30. Bxd6 Rc8 31. c5 Rb3 32. Qa5 Qxd5 33. Qxa7 Rb7
34. Qa6 Qc6 35. Qc4 Re8 36. Ra1 Rb5 37. Ra7 Ne5 38. Bxe5 Rxe5 39. Qf7 Qg6 40.
Qxg6+ Kxg6 41. Rc7 Kf6 42. Rc8 g5 43. c6 Rbc5 44. Rd2 Re6 45. c7 Rec6 46. Rd7
Kg6 47. Rg8+ Kf6 48. Rgg7 Rc1+ 49. Kh2 R1c2 50. Rdf7+ Ke6 51. Rh7 h5 52. h4
gxh4 53. Kh3 R6c5 54. Re7+ Kd6 55. Rd7+ Ke6 56. Rhe7+ Kf6 57. Rf7+ Ke6 58.
Rde7+ Kd6 59. Re8 Rxc7 60. Rxf5 Rc1 61. Kh2 h3 62. Rxe4 hxg2 63. Kxg2 Rg7+ 64.
Kf3 Rh1 65. Rff4 Rh2 66. Rh4 Rf7+ 67. Ref4 Rxf4+ 68. Rxf4 h4 69. Kg4 Ke5 70.
Rf8 Ke4 71. Re8+ Kd3 72. Kf3 h3 73. Rd8+ Kc4 74. Rd1 Kc5 75. Rf1 Kd5 76. Kg3
Rg2+ 77. Kxh3 Rg8 78. Kh2 Ke4 79. Rg1 Ra8 80. Kg2 Ra6 81. Rh1 Rg6+ 82. Kf1 1-0

[Event "Championnat de France - Open A"]
[Site "Val d'Isere"]
[Date "2002.??.??"]
[Round "1.2"]
[White "Henneteau, Jeremie"]
[Black "Mirescu, Ovidiu"]
[Result "1/2-1/2"]
[WhiteElo "2048"]
[BlackElo "2192"]
[PlyCount "84"]
[EventDate "2002.08.??"]
[SourceDate "2002.08.21"]

1. d4 d5 2. c4 Nc6 3. Nf3 Bg4 4. e3 e5 5. Be2 e4 6. Nfd2 Bxe2 7. Qxe2 Nb4 8.
Na3 Nd3+ 9. Kf1 c6 10. Nc2 Bd6 11. Ne1 Nxe1 12. Kxe1 Ne7 13. cxd5 cxd5 14. Qb5+
Qd7 15. Qxd7+ Kxd7 16. a3 Rac8 17. Kd1 Rc6 18. Nb3 Rhc8 19. Bd2 b6 20. Rc1 f5
21. g3 a5 22. Rxc6 Rxc6 23. Nc1 a4 24. Na2 Rc4 25. Bb4 Nc6 26. Bxd6 Kxd6 27.
Re1 g5 28. h4 gxh4 29. Rh1 hxg3 30. Rh6+ Ke7 31. Rxh7+ Kf6 32. fxg3 Nxd4 33.
exd4 Rxd4+ 34. Ke2 Rd3 35. Rh6+ Ke5 36. Rxb6 Rxg3 37. Nc3 d4 38. Rb5+ Kf4 39.
Nd5+ Kg4 40. Nf6+ Kh3 41. Rxf5 Rg2+ 42. Ke1 Rxb2 1/2-1/2

[Event "Championnat de France - Open A"]
[Site "Val d'Isere"]
[Date "2002.??.??"]
[Round "1.3"]
[White "Praud, Jean-Luc"]
[Black "Lucas, Jean"]
[Result "1-0"]
[WhiteElo "2189"]
[BlackElo "2048"]
[PlyCount "111"]
[EventDate "2002.08.??"]
[SourceDate "2002.08.21"]

1. e4 e5 2. Nf3 Nc6 3. d3 Nf6 4. c3 d5 5. Nbd2 Be7 6. Be2 O-O 7. O-O h6 8. Re1
Bg4 9. Bf1 Qd6 10. Qb3 dxe4 11. dxe4 Rab8 12. Qc2 Nd7 13. b4 Qg6 14. Kh1 a6 15.
h3 Be6 16. Bc4 b5 17. Bxe6 Qxe6 18. Nf1 Nb6 19. Ne3 Rfd8 20. Qe2 Rd7 21. Nh2
Rbd8 22. Nf5 Bf8 23. Be3 Nc4 24. a4 Rd3 25. axb5 axb5 26. Rec1 Ne7 27. Nd4 Rxe3
28. Nxe6 Rxe2 29. Nxd8 Rxe4 30. Ra8 Re2 31. Kg1 Nb6 32. Ra5 c6 33. Ra6 Nc4 34.
Nxc6 Nxc6 35. Rxc6 e4 36. Nf1 Ne5 37. Ng3 Ra2 38. Rc8 Nd3 39. Rf1 Rc2 40. Nxe4
Nxb4 41. Rxf8+ Kxf8 42. cxb4 Rc4 43. Nd6 Rxb4 44. Re1 g6 45. Re8+ Kg7 46. Rb8
Rb1+ 47. Kh2 b4 48. Rb7 Kf6 49. Nxf7 b3 50. Nxh6 Ke5 51. Rd7 Rb2 52. Ng4+ Ke6
53. Rd3 Rb1 54. Kg3 b2 55. Rd2 g5 56. Ne3 1-0

[Event "Championnat de France - Open A"]
[Site "Val d'Isere"]
[Date "2002.??.??"]
[Round "1.4"]
[White "Ruch, Bernard"]
[Black "Regoli, Stephane"]
[Result "0-1"]
[WhiteElo "2048"]
[BlackElo "2189"]
[PlyCount "168"]
[EventDate "2002.08.??"]
[SourceDate "2002.08.21"]

1. d4 c5 2. c3 e6 3. e3 Nf6 4. Bd3 d5 5. f4 Ne4 6. Nf3 b6 7. O-O Be7 8. Ne5 O-O
9. Nd2 f5 10. Ndf3 Bd6 11. c4 Bb7 12. b3 Nc6 13. Bb2 Rc8 14. Bxe4 dxe4 15. Ng5
Bxe5 16. Nxe6 Qe7 17. fxe5 Qxe6 18. d5 Qh6 19. dxc6 Qxe3+ 20. Kh1 Bxc6 21. Qd6
Qg5 22. e6 e3 23. Qg3 Qxg3 24. hxg3 Rce8 25. Rae1 Rxe6 26. Bc1 g6 27. Rxe3 Rfe8
28. Rfe1 Be4 29. Kg1 Kf7 30. Kf2 Bb1 31. a4 Rxe3 32. Bxe3 Bc2 33. a5 Bxb3 34.
axb6 axb6 35. Rb1 Bxc4 36. Rxb6 Rc8 37. Rb7+ Kg8 38. Bd2 Bf7 39. Bc3 c4 40. Ke3
h6 41. Kf4 Re8 42. Be5 Rf8 43. Rc7 Rd8 44. g4 fxg4 45. Kxg4 Kf8 46. Kf4 Rd2 47.
g3 Rd3 48. Rc8+ Ke7 49. Rc7+ Ke6 50. Ke4 Rd1 51. Rc6+ Ke7 52. Rc7+ Rd7 53.
Rxd7+ Kxd7 54. g4 Be6 55. Bg7 Bxg4 56. Bxh6 Be2 57. Bd2 Ke6 58. Kf4 Kd5 59. Bc3
Bd3 60. Bf6 Kc5 61. Be7+ Kb5 62. Ke3 Ka4 63. Kd2 Kb3 64. Bg5 Be4 65. Bf6 Bf5
66. Kc1 c3 67. Bg5 c2 68. Bf6 Kc4 69. Kd2 Kb3 70. Kc1 Kc4 71. Kd2 Kd5 72. Bg5
Be4 73. Ke2 Ke5 74. Be3 Kf5 75. Kf2 Kg4 76. Bc1 g5 77. Ke3 Bg6 78. Kf2 Kh4 79.
Bb2 Kh3 80. Kg1 g4 81. Bc1 Kg3 82. Bg5 Kf3 83. Bc1 Ke2 84. Kg2 Kd1 0-1

[Event "Championnat de France - Open A"]
[Site "Val d'Isere"]
[Date "2002.??.??"]
[Round "1.5"]
[White "Regoli, Stephane"]
[Black "Steinle, Thibaud"]
[Result "1-0"]
[WhiteElo "2187"]
[BlackElo "2048"]
[PlyCount "46"]
[EventDate "2002.08.??"]
[SourceDate "2002.08.21"]

1. Nf3 Nf6 2. g3 g6 3. b4 Bg7 4. Bb2 c6 5. d3 Qb6 6. c3 a5 7. a3 d6 8. Nbd2
axb4 9. Nc4 Qc7 10. cxb4 O-O 11. Bg2 Nbd7 12. O-O Nb6 13. Rc1 Be6 14. Nd4 Bxc4
15. dxc4 Ra7 16. Qb3 Nfd7 17. Rfd1 Rfa8 18. c5 Na4 19. Ne6 Qc8 20. Nxg7 Nxb2
21. Qxb2 dxc5 22. Bh3 b5 23. Ne6 Nf6 1-0

[Event "Championnat de France - Open A"]
[Site "Val d'Isere"]
[Date "2002.??.??"]
[Round "2.1"]
[White "Gabriel, Damien"]
[Black "Meynard, Thibault"]
[Result "0-1"]
[WhiteElo "2071"]
[BlackElo "2193"]
[PlyCount "96"]
[EventDate "2002.08.??"]
[SourceDate "2002.08.21"]

1. e4 c5 2. f4 d5 3. d4 dxe4 4. d5 Nf6 5. Nc3 a6 6. Be3 e6 7. dxe6 Qxd1+ 8.
Rxd1 Bxe6 9. Nh3 h6 10. Nf2 Bf5 11. Nd5 Nxd5 12. Rxd5 Be6 13. Rd2 f5 14. g4 Nd7
15. gxf5 Bxf5 16. Bg2 Nf6 17. O-O Kf7 18. h3 Be7 19. Rfd1 b6 20. Bf1 b5 21. c4
b4 22. Bg2 a5 23. Kh2 a4 24. Kg1 b3 25. a3 Rhc8 26. Kh1 Ra7 27. Kg1 Rcc7 28.
Kh1 Ke6 29. Kg1 h5 30. Kh2 h4 31. Kg1 Ra6 32. Kf1 Rd6 33. Rxd6+ Bxd6 34. Rd2
Nh5 35. Rd5 Bxf4 36. Bxc5 e3 37. Ng4 Ng3+ 38. Ke1 Bxg4 39. hxg4 Be5 40. Bd4
Bxd4 41. Rxd4 Ke5 42. Rd5+ Kf4 43. Rd4+ Kg5 44. Rd5+ Kxg4 45. Rd4+ Kg5 46. Rd5+
Kh6 47. c5 Rf7 48. Re5 e2 0-1

[Event "Championnat de France - Open A"]
[Site "Val d'Isere"]
[Date "2002.??.??"]
[Round "2.2"]
[White "Riazuelo, Gilles"]
[Black "Praud, Jean-Luc"]
[Result "0-1"]
[WhiteElo "2071"]
[BlackElo "2189"]
[PlyCount "94"]
[EventDate "2002.08.??"]
[SourceDate "2002.08.21"]

1. e4 e6 2. d4 d5 3. Nc3 Bb4 4. e5 c5 5. a3 Bxc3+ 6. bxc3 Qc7 7. Qg4 f5 8. Qg3
cxd4 9. cxd4 Ne7 10. Bd2 O-O 11. Bd3 b6 12. Ne2 Ba6 13. Nf4 Qd7 14. Bxa6 Nxa6
15. Nh5 Ng6 16. h4 Rac8 17. Nf6+ gxf6 18. h5 Qg7 19. exf6 Rxf6 20. Bg5 Rf7 21.
hxg6 Qxg6 22. Rh6 Qg7 23. O-O-O Rfc7 24. Qh4 Rxc2+ 25. Kb1 Qc7 26. Qh5 Rc3 27.
Rg6+ hxg6 28. Qxg6+ Qg7 29. Qxe6+ Qf7 30. Qh6 R8c6 31. Qh4 Qh7 32. Qf4 Qc7 33.
Qxf5 Qh7 34. Qxh7+ Kxh7 35. f4 Rb3+ 36. Ka2 Rg3 37. Rh1+ Kg8 38. Re1 Rc2+ 39.
Kb1 Rcxg2 40. Re8+ Kf7 41. Re7+ Kg6 42. Rxa7 Rb3+ 43. Kc1 Rxa3 44. Kb1 Rb3+ 45.
Ka1 Rh3 46. f5+ Kxf5 47. Rf7+ Kg6 0-1

[Event "Championnat de France - Open A"]
[Site "Val d'Isere"]
[Date "2002.??.??"]
[Round "2.3"]
[White "Regoli, Stephane"]
[Black "Ballester, Alexandre"]
[Result "1-0"]
[WhiteElo "2189"]
[BlackElo "2068"]
[PlyCount "61"]
[EventDate "2002.08.??"]
[SourceDate "2002.08.21"]

1. e4 c5 2. Nf3 d6 3. Bb5+ Nd7 4. c4 e5 5. O-O Ngf6 6. d3 Be7 7. Nc3 O-O 8.
Bxd7 Nxd7 9. a3 Nb8 10. b4 Nc6 11. Nd5 Bg4 12. h3 Bxf3 13. Qxf3 Nd4 14. Qg4 Ne6
15. g3 Bf6 16. Bb2 g6 17. f4 Bg7 18. f5 h5 19. Qe2 Nd4 20. Bxd4 exd4 21. f6 Bh6
22. g4 Qd7 23. Kh2 h4 24. g5 Bxg5 25. Rg1 Bh6 {#} 26. Rg4 {
Plus esthetique etait 26.Dh6.} 26... Qe6 27. Rag1 Qe5+ 28. Kh1 Rfe8 29. Qf2 Re6
30. Qxh4 Kh7 31. Rg5 1-0

[Event "Championnat de France - Open A"]
[Site "Val d'Isere"]
[Date "2002.??.??"]
[Round "2.4"]
[White "Boursier, Julien"]
[Black "Regoli, Stephane"]
[Result "1-0"]
[WhiteElo "2069"]
[BlackElo "2187"]
[PlyCount "63"]
[EventDate "2002.08.??"]
[SourceDate "2002.08.21"]

1. d4 Nf6 2. Nf3 d6 3. Bg5 Nbd7 4. Nbd2 c5 5. e3 b6 6. Bd3 Bb7 7. O-O g6 8. c3
Bg7 9. e4 O-O 10. Qe2 h6 11. Bh4 Nh5 12. Bg3 Qc7 13. a4 e5 14. dxe5 dxe5 15.
Nh4 Nf4 16. Bxf4 exf4 17. Nc4 a6 18. g3 b5 19. Nd2 c4 20. Bc2 Nc5 21. Ng2 fxg3
22. hxg3 Rad8 23. Nf4 Be5 24. Qe3 Bxf4 25. gxf4 Qd7 26. Rfd1 Rfe8 27. Qxc5 Qg4+
28. Kf1 Qh3+ 29. Ke1 Bxe4 30. Nxe4 Qh1+ 31. Ke2 Qh5+ 32. Qxh5 1-0

[Event "Championnat de France - Open A"]
[Site "Val d'Isere"]
[Date "2002.??.??"]
[Round "2.5"]
[White "Moret, Vincent"]
[Black "Gandolphe, Francois"]
[Result "1-0"]
[WhiteElo "2184"]
[BlackElo "2064"]
[PlyCount "113"]
[EventDate "2002.08.??"]
[SourceDate "2002.08.21"]

1. Nf3 d5 2. d4 Nf6 3. e3 e6 4. Bd3 c5 5. c3 Nc6 6. O-O cxd4 7. exd4 Bd6 8. Re1
Qc7 9. Qe2 b6 10. Nbd2 Bb7 11. Ne5 O-O-O 12. Ndf3 h6 13. a4 Ne4 14. Nxc6 Bxc6
15. a5 Rde8 16. axb6 axb6 17. Ne5 Bb7 18. Bb5 Bxe5 19. dxe5 Re7 20. Be3 f6 21.
f3 Nc5 22. Bd4 f5 23. Ra3 Nd7 24. Rea1 Ree8 25. Qe3 Kd8 26. Bxd7 Qxd7 27. Bxb6+
Ke7 28. Ra7 Kf8 29. Qc5+ Kg8 30. Qd6 Re7 31. Qxd7 Rxd7 32. R1a5 Bc6 33. Rxd7
Bxd7 34. Ra7 Bc8 35. Ra8 Kf7 36. Ra7+ Kg6 37. Ra8 Re8 38. Kf2 f4 39. b4 Bd7 40.
Ra7 Bb5 41. Bd4 Rd8 42. g3 fxg3+ 43. hxg3 h5 44. Bc5 Kh6 45. Re7 Re8 {=} 46.
Ke3 g5 47. Rxe8 Bxe8 48. Be7 Kg6 49. Kd4 Kf5 50. Kc5 h4 51. gxh4 gxh4 52. Bxh4
Kxe5 53. Bg3+ Kf5 54. b5 Bd7 55. b6 Bc8 56. Kd6 Ba6 57. Be5 1-0

[Event "Championnat de France - Open A"]
[Site "Val d'Isere"]
[Date "2002.08.??"]
[Round "3.1"]
[White "Meynard, Thibault"]
[Black "Le Bourhis , Dominique"]
[Result "1/2-1/2"]
[WhiteElo "2193"]
[BlackElo "2100"]
[PlyCount "83"]
[EventDate "2002.08.??"]
[SourceDate "2002.08.21"]

1. d4 d5 2. c4 dxc4 3. Nf3 c5 4. Nc3 cxd4 5. Qxd4 Qxd4 6. Nxd4 Bd7 7. e4 Nc6 8.
Nxc6 Bxc6 9. Bxc4 e6 10. Nb5 Bb4+ 11. Ke2 Kf8 12. a3 Be7 13. f3 Bf6 14. Rd1 a6
15. Nd4 Be8 16. Be3 Ne7 17. b4 Ba4 18. Rd3 Nc6 19. Rc1 Nxd4+ 20. Bxd4 Bxd4 21.
Rxd4 Rc8 22. Kd2 Ke7 23. Ba2 Rxc1 24. Kxc1 Rc8+ 25. Rc4 Rxc4+ 26. Bxc4 e5 27.
Kd2 f6 28. h4 Kd6 29. Ke3 h6 30. f4 Bd7 31. f5 Ba4 32. Be2 Bc2 33. Bc4 Ba4 34.
Bd3 Bd1 35. Kf2 Bb3 36. g4 Ke7 {=} 37. Kg3 Bd1 38. Bc4 Bc2 39. Bd5 b6 40. Kf3
Bd1+ 41. Kg3 Bc2 42. Kf3 {=} 1/2-1/2

[Event "Championnat de France - Open A"]
[Site "Val d'Isere"]
[Date "2002.08.??"]
[Round "3.2"]
[White "Praud, Jean-Luc"]
[Black "Chabradze, Boris"]
[Result "1-0"]
[WhiteElo "2189"]
[BlackElo "2100"]
[PlyCount "105"]
[EventDate "2002.08.??"]
[SourceDate "2002.08.21"]

1. Nf3 Nf6 2. g3 d5 3. Bg2 Nc6 4. d4 Bf5 5. O-O Qd7 6. Bf4 Nh5 7. e3 Nxf4 8.
exf4 Bh3 9. c3 Bxg2 10. Kxg2 e6 11. Re1 Be7 12. Qd3 O-O 13. Nbd2 b5 14. b4 a5
15. a3 Rfb8 16. Nb3 axb4 17. axb4 Ra4 18. h4 f5 19. Qe2 Nd8 20. Ng5 Rba8 21.
Rxa4 bxa4 22. Na5 Bxg5 23. hxg5 Ra7 24. Ra1 Nf7 25. Qd1 Nd6 26. Qxa4 Qxa4 27.
Rxa4 Nb5 28. Ra1 Nxc3 29. Re1 Ra6 30. Rc1 Na2 31. Rxc7 Nxb4 32. Nb7 Rc6 33. Rd7
Kf8 34. Nd6 Rb6 35. Nf7 Nc6 36. Rc7 Nxd4 37. Ne5 Ra6 38. Nd7+ Kg8 39. Rc8+ Kf7
40. Ne5+ Ke7 41. Rg8 Nc6 42. Rxg7+ Kf8 43. Rxh7 Nxe5 44. fxe5 Ra4 45. f4 Ra2+
46. Kh3 Ra1 47. Rd7 Rd1 48. Rd8+ Kf7 49. Rd6 d4 50. g6+ Kxg6 51. Rxe6+ Kg7 52.
Rd6 d3 53. Kh4 1-0

[Event "Championnat de France - Open A"]
[Site "Val d'Isere"]
[Date "2002.08.??"]
[Round "3.3"]
[White "Meng, Jean-Philippe"]
[Black "Regoli, Stephane"]
[Result "1/2-1/2"]
[WhiteElo "2095"]
[BlackElo "2185"]
[PlyCount "117"]
[EventDate "2002.08.??"]
[SourceDate "2002.08.21"]

1. e4 c5 2. Nf3 d6 3. d4 cxd4 4. Nxd4 Nf6 5. Nc3 e6 6. Bg5 Be7 7. f4 a6 8. Qf3
Qc7 9. O-O-O b5 10. Bxf6 Bxf6 11. Bxb5+ axb5 12. Ndxb5 Qc6 13. Nxd6+ Kd8 14. e5
Qxf3 15. gxf3 Be7 16. Nxf7+ Ke8 17. Nxh8 Kf8 18. Rhg1 Kg8 19. f5 Kxh8 20. f6
gxf6 21. exf6 Bxf6 22. Ne4 Be7 23. Nd6 Bxd6 24. Rxd6 Bd7 25. Rgd1 Rxa2 26. Kb1
Ra7 27. Rb6 Nc6 {#} 28. Rxd7 Rxd7 29. Rxc6 Kg7 30. Rxe6 Rd1+ 31. Ka2 Rd2 32.
Kb3 Rxh2 33. Kc3 Rf2 34. Re3 h5 35. Kd3 h4 36. Re2 Rxf3+ 37. Ke4 Rf8 38. Rh2
Rh8 39. Kf5 Rb8 40. c3 Kf7 41. Kg4 Ke6 42. Kxh4 Kd5 43. Kg4 Kc4 44. Kf4 Kb3 45.
Ke3 Rd8 46. Rd2 Re8+ 47. Kd3 Re7 48. Rh2 Rd7+ 49. Ke4 Rd8 50. Ke5 Rc8 51. Kd6
Rc4 52. Kd5 Rg4 53. Rh5 Rf4 54. Re5 Rh4 55. Re4 Rh5+ 56. Kd4 Kxb2 57. c4 Kb3
58. c5 Kb4 59. c6 1/2-1/2

[Event "Championnat de France - Open A"]
[Site "Val d'Isere"]
[Date "2002.08.??"]
[Round "3.4"]
[White "Karim, Ismael"]
[Black "Moret, Vincent"]
[Result "1/2-1/2"]
[WhiteElo "2092"]
[BlackElo "2184"]
[PlyCount "144"]
[EventDate "2002.08.??"]
[SourceDate "2002.08.21"]

1. e4 c5 2. c3 Nf6 3. e5 Nd5 4. d4 cxd4 5. cxd4 b6 6. Nf3 e6 7. Nc3 Nxc3 8.
bxc3 Qc7 9. Bd2 Be7 10. Bd3 Ba6 11. Bxa6 Nxa6 12. Qe2 Qb7 13. O-O O-O 14. Rab1
Nb8 15. c4 f6 16. a4 Nc6 17. d5 Nxe5 18. Nxe5 fxe5 19. Qxe5 Bf6 20. Qd6 exd5
21. cxd5 Bd4 22. Rbd1 Rae8 23. Qb4 Bc5 24. Qc4 d6 25. Be3 Rc8 26. Qg4 Qf7 27.
Bd4 Bxd4 28. Rxd4 Rc5 29. Qd1 h6 30. f3 Re8 31. Re4 Rec8 32. Rfe1 Qxd5 33. Qb1
Rf8 34. Re8 Rc8 35. Rxc8 Rxc8 36. Qg6 Rf8 37. Re7 Qd4+ 38. Kf1 a5 39. Rd7 Qf6
40. Rxd6 Qa1+ 41. Kf2 Qa2+ 42. Kg3 Qxa4 43. Rxb6 Qf4+ 44. Kh3 Ra8 45. Ra6 Rxa6
46. Qxa6 a4 47. Qa8+ Kf7 48. Qb7+ Kg6 49. Qa6+ Kh7 50. Qd3+ Kg8 51. Qd5+ Kf8
52. Qa8+ {=} 52... Ke7 53. Qb7+ Kf6 54. Qb6+ Kg5 55. Qd8+ Kg6 56. Qe8+ Kh7 57.
Qb5 Qd4 58. Qb1+ Kg8 59. Qb8+ Kf7 60. Qc7+ Ke6 61. Qc6+ Ke5 62. Qc7+ Kd5 63.
Qd7+ Kc5 64. Qe7+ Kc4 65. Qe2+ Kb4 66. Qe1+ Ka3 67. Qc1+ Qb2 68. Qc5+ Ka2 69.
Qd5+ Qb3 70. Qd2+ Kb1 71. Qe1+ Kb2 72. Qd2+ Qc2 1/2-1/2

[Event "Championnat de France - Open A"]
[Site "Val d'Isere"]
[Date "2002.08.??"]
[Round "3.5"]
[White "Jablonski, Noham"]
[Black "Strugnell, Carl"]
[Result "1-0"]
[WhiteElo "2182"]
[BlackElo "2079"]
[PlyCount "67"]
[EventDate "2002.08.??"]
[SourceDate "2002.08.21"]

1. e4 c5 2. Nf3 Nc6 3. d3 g6 4. g3 Bg7 5. Bg2 Rb8 6. O-O e6 7. Re1 d6 8. Nbd2
Nge7 9. Nf1 O-O 10. h4 b5 11. N1h2 Bb7 12. Ng4 f6 13. c3 h5 14. Ngh2 Ne5 15. d4
Nc4 16. b3 Nb6 17. Qe2 c4 18. Bh3 Bc8 19. e5 dxe5 20. dxe5 f5 21. Ba3 Ned5 22.
Bxf8 Qxf8 23. Qd2 Qc5 24. b4 Qc7 25. Nd4 Na4 26. Rac1 Bd7 27. Nhf3 Bf8 28. Ng5
Re8 {#} 29. Ndxe6 Qb7 30. Nxf8 Rxf8 31. Bg2 Bc6 32. Ne6 Re8 33. Nd4 Nab6 34.
Qh6 1-0

[Event "Championnat de France - Open A"]
[Site "Val d'Isere"]
[Date "2002.??.??"]
[Round "4.1"]
[White "Stoven, Gilles"]
[Black "Praud, Jean-Luc"]
[Result "1-0"]
[WhiteElo "2104"]
[BlackElo "2189"]
[PlyCount "111"]
[EventDate "2002.08.??"]
[SourceDate "2002.08.21"]

1. e4 e6 2. d4 d5 3. Nc3 Bb4 4. exd5 exd5 5. Bd3 c6 6. Bf4 Ne7 7. Qh5 Ng6 8.
Bxb8 Rxb8 9. O-O-O Be6 10. Bxg6 fxg6 11. Qe5 Kf7 12. Nf3 h6 13. Qf4+ Kg8 14.
Rde1 Bd7 15. Ne5 Kh7 16. Qg3 Be8 17. h4 Rf8 18. Re2 Qf6 19. Qd3 Qf5 20. g3 Rd8
21. f4 Bd7 22. Nxd7 Rxd7 23. Qf3 Qf6 24. Qd3 Re7 25. Rhe1 Rfe8 26. Rxe7 Rxe7
27. Re5 Bd6 28. Rxe7 Qxe7 29. Ne2 Qe6 30. Kd2 Kg8 31. Qf3 Qf6 32. Qg4 Qf5 33.
Qf3 Bb4+ 34. Kd1 Qh3 35. c3 Bd6 36. Kd2 Kf7 37. Nc1 Kf6 38. Nd3 Qf5 39. Ke3 g5
40. hxg5+ hxg5 41. fxg5+ Kxg5 42. Qxf5+ {=} 42... Kxf5 43. Kf3 Be7 44. g4+ Kg5
45. Ne5 Bf6 46. Nf7+ Kh4 47. Nd6 b6 48. Nc8 c5 49. dxc5 bxc5 50. Nxa7 d4 51.
cxd4 cxd4 52. Nb5 d3 53. Nc3 Bd4 54. a4 Kg5 55. a5 d2 56. Ne4+ 1-0

[Event "Championnat de France - Open A"]
[Site "Val d'Isere"]
[Date "2002.08.??"]
[Round "4.2"]
[White "Coudrec, Christophe"]
[Black "Jablonski, Noham"]
[Result "0-1"]
[WhiteElo "2103"]
[BlackElo "2182"]
[PlyCount "62"]
[EventDate "2002.08.??"]
[SourceDate "2002.08.21"]

1. d4 d5 2. c4 e6 3. Nc3 Bb4 4. Nf3 Nf6 5. cxd5 exd5 6. Bg5 Nbd7 7. e3 c5 8.
Be2 Qa5 9. O-O Bxc3 10. Bxf6 Nxf6 11. bxc3 c4 12. Qc2 O-O 13. Nd2 Re8 14. Bf3
Bd7 15. Rfc1 Kh8 16. h4 Re7 17. g3 Rae8 18. Bg2 b5 19. a3 Qc7 20. Re1 a6 21.
Nf3 Ne4 22. Ng5 Nxg5 23. hxg5 Qd6 24. Qe2 Qg6 25. Bxd5 Qxg5 26. Bf3 Bf5 27. Kg2
Re6 28. Rh1 Bd3 29. Qd2 Rf6 30. Rh4 Rxf3 31. Kxf3 Qd5+ 0-1

[Event "Championnat de France - Open A"]
[Site "Val d'Isere"]
[Date "2002.08.??"]
[Round "4.3"]
[White "Larrat, Philippe"]
[Black "Ouakhir, Mehdi"]
[Result "1/2-1/2"]
[WhiteElo "2164"]
[BlackElo "2110"]
[PlyCount "53"]
[EventDate "2002.08.??"]
[SourceDate "2002.08.21"]

1. e4 e5 2. Nf3 Nc6 3. Nc3 Nf6 4. d4 exd4 5. Nxd4 Bb4 6. Nxc6 bxc6 7. Bd3 d5 8.
exd5 cxd5 9. O-O O-O 10. Bg5 c6 11. Na4 Re8 12. c3 Be7 13. Bc2 Ne4 14. Bxe7
Qxe7 15. Bxe4 Qxe4 16. Re1 Qxe1+ 17. Qxe1 Rxe1+ 18. Rxe1 Kf8 19. f3 Be6 20. Nc5
Ke7 21. Kf2 {=} 21... Rb8 22. Re2 Kd6 23. b4 a5 24. a3 axb4 25. axb4 Ra8 26.
Ke3 Ra1 27. Rd2 1/2-1/2

[Event "Championnat de France - Open A"]
[Site "Val d'Isere"]
[Date "2002.08.??"]
[Round "4.4"]
[White "Plane, Boris"]
[Black "Tournier, Mathieu"]
[Result "1/2-1/2"]
[WhiteElo "2157"]
[BlackElo "2080"]
[PlyCount "85"]
[EventDate "2002.08.??"]
[SourceDate "2002.08.21"]

1. e4 e5 2. Nf3 Nc6 3. d3 Nf6 4. c3 d5 5. Nbd2 Bc5 6. Be2 dxe4 7. dxe4 Qe7 8.
O-O O-O 9. b4 Bb6 10. a4 a5 11. b5 Nb8 12. Qc2 Bg4 13. h3 Bxf3 14. Bxf3 Nbd7
15. Nc4 Rfd8 16. Ne3 g6 17. Qe2 Qe6 18. Nc4 Nc5 19. Bg5 Nd3 20. Qa2 Kg7 21. Bh4
Nf4 22. Bg3 Nd7 23. Bg4 Qf6 24. Rad1 Nc5 25. Nd2 Rd3 26. Qc2 Rad8 27. Kh1 h5
28. Bf3 Nxa4 29. Nc4 Rxd1 30. Rxd1 Rxd1+ 31. Bxd1 Nc5 32. Bf3 Qe6 33. Ne3 f6
34. c4 Qd6 35. Nd5 Nxd5 36. exd5 Nd7 37. Be4 f5 38. Bd3 Nc5 39. Bxf5 $1 Qf6 40.
Be4 Nd7 41. h4 Bd4 42. d6 Qxd6 43. Bxb7 1/2-1/2

[Event "Championnat de France - Open A"]
[Site "Val d'Isere"]
[Date "2002.08.??"]
[Round "4.5"]
[White "Feller, Sebastien"]
[Black "Coste, Thierry"]
[Result "1/2-1/2"]
[WhiteElo "2080"]
[BlackElo "2155"]
[PlyCount "70"]
[EventDate "2002.08.??"]
[SourceDate "2002.08.21"]

1. e4 c5 2. Nc3 Nc6 3. f4 d6 4. Nf3 g6 5. Bc4 Bg7 6. O-O e6 7. d3 Nge7 8. Qe1
a6 9. Qh4 b5 10. Bb3 Nd4 11. f5 gxf5 12. Bg5 f4 13. Nxd4 Bxd4+ 14. Kh1 h6 15.
Bxf4 Qd7 16. Qg3 Rg8 17. Qf3 Bb7 18. Bg3 Nf5 19. Bf2 O-O-O 20. Bxd4 cxd4 21.
Nd5 exd5 22. exf5 Rde8 23. Rae1 Re5 24. Qf2 Rge8 25. Rxe5 Rxe5 26. Qxd4 Rxf5
27. Re1 f6 28. Qc3+ Kb8 29. d4 Rg5 30. Qf3 Rf5 31. Qe3 Rg5 32. c3 Qg4 33. Qe2
Qh4 34. Bd1 Bc8 35. Rf1 Bf5 1/2-1/2

[Event "Championnat de France - Open A"]
[Site "Val d'Isere"]
[Date "2002.08.??"]
[Round "4.58"]
[White "Canone, Antoine"]
[Black "Bourel, Florent"]
[Result "1-0"]
[WhiteElo "2080"]
[BlackElo "1990"]
[PlyCount "47"]
[EventDate "2002.08.??"]
[SourceDate "2002.08.21"]

1. e4 c5 2. Nc3 Nc6 3. f4 g6 4. Bb5 Nd4 5. Nf3 Bg7 6. O-O Nxb5 7. Nxb5 d6 8. d3
Nf6 9. Qe1 Bg4 10. h3 Bxf3 11. Rxf3 e6 12. e5 Nd5 13. Nxd6+ Ke7 14. Nxb7 Qb6
15. Nd6 c4+ 16. Kh1 cxd3 17. Rxd3 Rab8 18. Nc4 Qa6 19. b3 h6 20. Ba3+ Ke8 21.
Qh4 f6 22. Qg4 Ne7 23. Nd6+ Kf8 24. Qxe6 {# Mat en quatre. Trouvez-le.} 1-0

[Event "Championnat de France - Open A"]
[Site "Val d'Isere"]
[Date "2002.08.??"]
[Round "4.146"]
[White "Dore, Benjamin"]
[Black "Swiercz, Kevin"]
[Result "1-0"]
[WhiteElo "1880"]
[BlackElo "2027"]
[PlyCount "43"]
[EventDate "2002.08.??"]
[SourceDate "2002.08.21"]

1. e4 c5 2. Nc3 Nc6 3. Bc4 e6 4. f4 a6 5. d3 b5 6. Bb3 Nd4 7. Nf3 Nxb3 8. axb3
Bb7 9. O-O Nf6 10. f5 exf5 11. exf5 Be7 12. Bg5 O-O 13. Qe1 Nd5 14. Qg3 Bxg5
15. Nxg5 f6 16. Nh3 Nxc3 17. bxc3 Re8 18. Nf4 Qc7 19. Qg4 Re7 20. Nh5 Qb6 21.
Rae1 Rae8 22. Nxg7 1-0

[Event "Championnat de France - Open A"]
[Site "Val d'Isere"]
[Date "2002.08.??"]
[Round "5.1"]
[White "Jablonski, Noham"]
[Black "Stoven, Gilles"]
[Result "1-0"]
[WhiteElo "2182"]
[BlackElo "2104"]
[PlyCount "87"]
[EventDate "2002.08.??"]
[SourceDate "2002.08.21"]

1. e4 c5 2. Nf3 d6 3. d3 g6 4. g3 Bg7 5. Bg2 Nc6 6. O-O e6 7. Re1 Nge7 8. Nbd2
O-O 9. Nf1 Nd4 10. h4 Bd7 11. N1h2 Ba4 12. Nxd4 cxd4 13. b3 Bd7 14. Ba3 Bb5 15.
Nf3 Qc7 16. Nd2 Rfd8 17. Bb2 Rac8 18. Rc1 Nc6 19. Nf3 Qa5 20. a4 Ba6 21. g4 Rc7
22. Qd2 Qxd2 23. Nxd2 Nb4 24. Nc4 d5 25. exd5 exd5 26. Na3 Rdc8 27. g5 h6 28.
Bh3 Rd8 29. Re2 hxg5 30. hxg5 Bf8 31. Nb5 Bxb5 32. axb5 Be7 $6 33. f4 Bd6 34.
Rce1 Kf8 35. Bxd4 Rxc2 36. Bf6 Rxe2 37. Rxe2 Rb8 38. Bd7 Bxf4 39. Be7+ Kg7 40.
Bxb4 Rd8 41. Bc3+ Kf8 42. Bh3 Bxg5 43. Bd4 a6 44. b6 1-0